00276 a2200109 4500001000700000020000600007040001100013100003000024240005400054245004900108362000900157193227 a  cMagnum aPaula, Heber Eustaquio de10aCabeca de ferro, peito de aco, perna de pau:lpor10aCabeca de ferro, peito de aco, perna de pau:0 a1899